Statistiken für TOP 10 Sportarten: meiste Vereine

Klicken Sie hier um das Quiz zu spielen!

Allgemein

  • Dieses Quiz wurde 489 mal gespielt
    (122 seit der letzten Aktualisierung)
  • Das Durchschnittsergebnis liegt bei 3 aus 10

Antwortstatistiken

#VereineSportart% Korrekt
1~ 24 000Fußball
100%
2~ 18 000Turnen
47%
9~ 4 000Handball
40%
5~ 8 700Tennis
34%
6~ 7 400Leichtathletik
18%
8~ 6 300Volleyball
17%
4~ 9 600Tischtennis
16%
7~ 6 700Reiten
8%
3~ 14 000Schützen
6%
10~ 3 100Badminton
4%

Verteilung der Resultate

Perzentil nach korrekt beantworteten Fragen

Anzahl Personen mit jedem Resultat

Ihre Resultats-Entwicklung

Sie haben dieses Quiz seit der letzten Aktualisierung nicht gespielt